000 00555nam a2200229Ia 4500
005 20250425161734.0
008 250425s9999 xx 000 0 und d
020 _a9586003124
041 _aspa
082 _a658.406
100 _aTAPSCOTT, DON
245 0 _aCAMBIO DE PARADIGMAS EMPRESARIALES
250 _a1A ED.
260 _aBOGOTA
260 _aColombia
_bMCGRAW HILL
_c1995
300 _a365
650 _aADMINISTRACION DE EMPRESAS
650 _aLIDERAZGO
650 _aREINGENIERIA ADMINISTRATIVA
942 _c01
010 _a26994
999 _c215099
_d215099